[Event "XXVIII Magistral Elgoibar 2018"]
[Site "Elgoibar"]
[Date "2018.12.13"]
[Round "1"]
[White "Strikovic, Aleksa"]
[Black "Moreno Ruiz, Javier"]
[Result "1-0"]
[WhiteElo "2488"]
[BlackElo "2450"]
[Annotator "TA"]
[PlyCount "59"]
[EventDate "2018.12.12"]
[EventType "tourn"]
[EventCountry "ESP"]
[SourceTitle "playchess.com"]
[Source "ChessBase"]
[SourceQuality "1"]

{[%evp 21,59,0,0,0,0,-15,0,0,0,-42,-39,-37,-31,-36,0,-20,0,0,0,0,0,0,0,0,0,0,0,0,0,0,36,40,388,362,464,440,550,541,515,510]} 1. c4 e6 2. Nf3 Nf6 3. g3 d5 4. b3 c5 5. Bg2 d4 6. O-O Nc6 7. e3 {A13: English Opening: 1...e6} e5 (7... Be7 8. exd4 cxd4 9. d3 O-O 10. Re1 Ne8 11. a3 a5 12. Nbd2 f6 13. Rb1 e5 14. Nh4 Nc7 15. Qh5 Qe8 16. Qxe8 Rxe8 {½-½ (132) Topalov,V (2761)-Nakamura,H (2787) Leuven 2016}) 8. d3 Be7 9. exd4 exd4 10. Bf4 O-O 11. Ne5 Nxe5 {LiveBook: 8 Games} 12. Bxe5 Bg4 13. f3 Bf5 $146 ({Predecessor:} 13... Be6 14. Bxf6 Bxf6 {1-0 (43) Malakhov,V (2682)-Mkrtchian,L (2468) Solin 2006}) 14. g4 Bd7 15. Bxf6 Bxf6 16. f4 Qc7 17. Nd2 Be7 18. Bd5 Bc6 19. Bxc6 Qxc6 20. Ne4 f5 21. gxf5 Rxf5 22. Ng3 Rf7 23. Qg4 Raf8 24. f5 Qh6 25. Ne4 Qe3+ 26. Kh1 Qxd3 $2 {[%mdl 8192] [#]} (26... Qh6 $14) 27. Rae1 $1 $18 Kh8 {intending ...g6!} 28. Rf3 {White is clearly winning.} Qc2 29. Rf2 Qd3 30. Rd2 {Accuracy: White = 74%, Black = 37%.} 1-0

[Event "XXVIII Magistral Elgoibar 2018"]
[Site "Elgoibar"]
[Date "2018.12.13"]
[Round "1"]
[White "Oratovsky, Michael"]
[Black "Ambartsumova, Karina"]
[Result "1/2-1/2"]
[WhiteElo "2464"]
[BlackElo "2383"]
[Annotator "TA"]
[PlyCount "82"]
[EventDate "2018.12.12"]
[EventType "tourn"]
[EventCountry "ESP"]
[SourceTitle "playchess.com"]
[Source "ChessBase"]
[SourceQuality "1"]

{[%evp 27,82,7,15,10,18,0,27,27,91,47,44,54,47,52,63,64,74,61,81,29,31,16,59,42,57,27,23,29,22,0,0,0,0,0,2,0,0,0,0,0,22,30,27,27,29,14,31,0,12,0,0,0,27,0,0,0,40]} 1. e4 e5 2. Bc4 Nf6 3. d3 c6 4. Nf3 Be7 5. O-O d6 6. c3 O-O 7. Bb3 Bg4 8. Nbd2 Nbd7 9. h3 Bh5 10. Re1 Nc5 {C24: Bishop's Opening: 2...Nf6} 11. Bc2 Ne6 12. Nf1 Nd7 13. Ng3 (13. g4 Bg6 14. Ng3 Ng5 15. Bxg5 Bxg5 16. d4 Bf4 17. Ne2 Qf6 18. Kg2 exd4 19. Nfxd4 {1-0 (33) Carlsen,M (2840)-Wei,Y (2706) Wijk aan Zee 2017}) 13... Bxf3 14. Qxf3 g6 {[#] LiveBook: 11 Games} 15. Nf1 $146 ({Predecessor:} 15. Bh6 Re8 16. Rad1 Bg5 17. Bxg5 Qxg5 18. d4 {½-½ (39) Zhao,J (2611)-Liu,Y (2505) Hangzhou 2018}) 15... Bg5 16. Ne3 Ng7 17. d4 Kh8 (17... exd4 $11 {keeps the balance.} 18. cxd4 Ne6) 18. Nc4 Bxc1 19. Raxc1 Qc7 20. Rcd1 b5 21. Ne3 f6 22. Qe2 a6 23. Ng4 ({Better is} 23. a4 $16) 23... Nb6 $11 24. Bb3 c5 25. dxc5 dxc5 26. Bd5 Rad8 27. c4 Nxd5 28. exd5 Nf5 29. b3 Nd4 30. Qd2 b4 31. Re3 a5 32. Rde1 Rd7 33. Nh2 Kg7 34. Nf3 Nf5 35. R3e2 Nd6 36. Qb2 a4 37. Nd2 a3 38. Qa1 Nf5 39. Nf3 Nd6 40. Nd2 (40. g4 $5 {[%cal Rg4g5]}) 40... Nf5 $1 41. Nf3 Nd6 {Accuracy: White = 47%, Black = 59%.} 1/2-1/2

[Event "XXVIII Magistral Elgoibar 2018"]
[Site "Elgoibar"]
[Date "2018.12.13"]
[Round "1"]
[White "Starostits, Ilmars"]
[Black "Velten, Paul"]
[Result "0-1"]
[WhiteElo "2458"]
[BlackElo "2485"]
[Annotator "TA"]
[PlyCount "66"]
[EventDate "2018.12.12"]
[EventType "tourn"]
[EventCountry "ESP"]
[SourceTitle "playchess.com"]
[Source "ChessBase"]
[SourceQuality "1"]

{[%evp 16,66,37,15,32,31,48,18,17,24,31,-8,-11,-10,-6,-19,-13,-38,-31,-39,-37,-52,-54,-47,-28,-18,-7,-21,-10,-15,0,-3,0,0,35,0,0,0,29,-54,-37,-154,-146,-256,-247,-979,-970,-29984,-29985,-29991,-29986,-29986,-29987]} 1. e4 e6 2. d4 d5 3. Nc3 Nc6 4. Nf3 Nf6 5. e5 Ne4 6. Bd3 Bb4 7. Bd2 Nxd2 8. Qxd2 Bd7 9. O-O {LiveBook: 7 Games. C10: French with 3 Nc3: Unusual Black 3rd moves and 3...dxe4} (9. a3 $5 {[%cal Ra3b4]} Ba5 10. O-O $14) 9... a6 (9... Be7 10. Ne2 Nb4 11. Nf4 Nxd3 12. cxd3 g6 13. g3 b6 14. h4 c5 15. Rac1 Rc8 16. Kg2 Bb5 {½-½ (99) Savchenko,B (2612)-Shtembuliak,E (2420) Minsk 2015}) 10. a3 Be7 11. Nd1 $146 {White is slightly better.} ({Predecessor:} 11. Ne2 Na7 12. a4 c5 13. c3 Nc6 14. dxc5 Bxc5 15. Qf4 f6 16. Qg3 O-O {0-1 (40) Videki,S (2429)-Renner,C (2452) Germany 2012}) 11... Na7 {[%cal Bc6a7,Ba7b5,Bb5d4,Bd4f5][%mdl 32]} 12. Ne3 Bb5 13. Ne1 c5 14. dxc5 Bxc5 15. Bxb5+ Nxb5 16. Nd3 Ba7 17. f4 O-O 18. Rae1 {[%cal Ba1e1,Be1e3,Be3b3,Bb3b7,Bb7d7][%mdl 32]} Rc8 19. Kh1 Bxe3 20. Rxe3 Nd4 21. Ne1 Nf5 22. Rb3 Qh4 23. g3 Qg4 24. Rxb7 d4 25. Rd7 h5 $40 {[%mdl 128] Black mounts an attack.} 26. Qd3 Rb8 27. b3 ({Much worse is} 27. Qxa6 h4 $17) ({White should try} 27. Nf3 $11) 27... Rbc8 $15 28. Rf3 {[#]} (28. Qf3 $15) 28... Rc3 $1 $17 {[%cal Rc3d3]} 29. Qe4 {[#]} (29. Qf1 $17 {was worth a try.} Rfc8 30. Kg1 (30. Qxa6 $2 Rxf3 31. Qe2 Re3 $19)) 29... Rfc8 $1 $19 {[%cal Bf8c8,Bc8c3,Bc3e3,Be3f3][%mdl 32]} 30. Rxc3 $2 (30. Kg1 h4 31. Qe2 (31. Rxc3 $2 Rxc3 32. Ng2 hxg3 $19)) 30... Rxc3 31. Kg2 Re3 {Black mates.} 32. Qa8+ Kh7 33. Nf3 {[#]} Rxf3 $1 {[%mdl 512] Accuracy: White = 27%, Black = 73%.} 0-1

[Event "XXVIII Magistral Elgoibar 2018"]
[Site "Elgoibar"]
[Date "2018.12.13"]
[Round "1"]
[White "Suarez Garcia, Carlos"]
[Black "Martinez Fernandez, Adrian"]
[Result "0-1"]
[WhiteElo "2449"]
[BlackElo "2212"]
[Annotator "TA"]
[PlyCount "202"]
[EventDate "2018.12.12"]
[EventType "tourn"]
[EventCountry "ESP"]
[SourceTitle "playchess.com"]
[Source "ChessBase"]
[SourceQuality "1"]

{[%evp 19,202,20,26,-44,16,21,20,15,23,12,15,7,6,10,18,0,0,0,34,25,24,8,8,8,7,0,8,0,0,0,8,6,7,6,11,0,2,0,18,0,0,0,0,-26,-24,-26,-26,-29,-30,-30,-30,-47,82,12,9,0,0,0,0,0,0,0,0,0,0,0,0,0,0,0,0,0,0,0,0,0,0,0,0,-231,-231,-231,-231,-231,-231,-231,-231,-231,-231,-361,-249,-333,-249,-207,-200,-545,-157,-157,-132,-132,-132,-132,-132,-132,-132,-132,-132,-132,-132,-132,-132,-132,-132,-132,-132,-132,-132,-132,-132,-132,-132,-132,0,0,0,-29967,-29968,-29968,-29969,-29970,-29967,-29968,-29968,-29968,-29969,-29969,-29970,-29969,-29969,-29970,-29971,-29971,-29972,-29972,-29971,-29972,-29972,-29972,-29973,-29973,-29972,-29971,-29970,-29972,-29972,-29971,-29971,-29970,-29969,-29969,-29970,-29970,-29971,-29971,-29971,-29971,-29972,-29972,-29973,-29973,-29974,-29974,-29975,-29975,-29976,-29976,-29977,-29977,-29978,-29976,-29977,-29984,-29985,-29990,-29987]} 1. d4 d5 2. c4 dxc4 3. e4 b5 4. a4 c6 5. axb5 cxb5 6. Nc3 {D20: Queen's Gambit Accepted: 3 e3 and 3 e4} a6 7. Nxb5 axb5 8. Rxa8 Bb7 9. Ra1 e6 10. Nf3 Nf6 {LiveBook: 11 Games} 11. e5 $146 (11. Be2 $11) ({Predecessor:} 11. Be2 Bb4+ 12. Bd2 Bxd2+ 13. Qxd2 Nxe4 {½-½ (31) Mamedyarov,S (2764)-Kasimdzhanov,R (2706) Baku 2014}) 11... Ne4 ({Black should try} 11... Bb4+ $15 12. Bd2 Bxf3 13. gxf3 Nd5) 12. Be2 $1 $11 Bb4+ 13. Kf1 O-O 14. h4 Nc6 {[%cal Bb8c6,Bc6e7,Be7f5,Bf5e3][%mdl 32]} 15. Be3 {White wants to play Ng5.} Ne7 16. Ng5 Nf5 17. Rh3 Nxe3+ 18. fxe3 Nxg5 19. hxg5 {next Bf3 is good for White.} Be4 $1 20. Rg3 Be7 21. Qd2 Bxg5 22. Qa5 Qe7 23. Qa7 Qd8 24. Qa5 Qe7 $132 {[%mdl 2048] Black is fighting back} 25. Qxb5 {Threatening Qc5.} Bh4 $1 {[%cal Rh4g3]} 26. Rg4 Bf5 $1 {[%cal Rf5g4]} 27. Rf4 Bg3 28. Rxf5 exf5 29. Bxc4 Qh4 $1 {[%cal Rh4h1]} 30. Ke2 $1 ({Of course not} 30. Bxf7+ Kxf7 31. Qb7+ Kg8 $17) 30... Qe4 {( -> ...Qc2+)} 31. Kd2 {Hoping for Bd5.} (31. Qb3 $5 {[%cal Rc4d5]}) 31... f4 32. Qd5 fxe3+ 33. Ke2 $1 ({But not} 33. Kc3 $2 Qxd5 34. Bxd5 e2 $19) 33... Qc2+ {[%mdl 64] Double Attack} 34. Kxe3 {White wants to mate with Qxf7+!} Bf2+ 35. Kf3 $1 Bh4 {[#]} (35... Qd2 $15 {keeps the upper hand.} 36. Qe4 Bxd4) 36. Kg4 ({White should play} 36. g3 $1 $16 {[%cal Rg3h4]} Bd8 37. Ra8 Qd1+ 38. Ke3 Qe1+ 39. Kd3 Qxg3+ 40. Kc2 Qf2+ 41. Kb3) 36... Be7 37. g3 h5+ 38. Kf3 Qxb2 39. Ra7 Qc3+ 40. Kg2 Qc2+ 41. Kh1 Qd1+ 42. Kh2 Qc2+ 43. Kh1 Qd1+ 44. Kg2 Qc2+ 45. Kf3 Qd1+ 46. Kf2 Qd2+ 47. Be2 Bg5 48. Qe4 Rd8 49. Ra8 $2 {[#]} (49. e6 $11 {and White has nothing to worry.} fxe6 50. Qxe6+ Kh8 51. Kg2) 49... Qe3+ $1 $19 {[%mdl 512]} 50. Qxe3 Bxe3+ 51. Kxe3 Rxa8 52. Bxh5 {[%mdl 4096] Endgame KR-KB} Ra3+ 53. Ke4 Rxg3 54. d5 (54. Bf3 $142) 54... Kf8 55. d6 Ra3 56. Be2 Ra4+ 57. Kd5 $2 (57. Ke3 {nothing else works.}) 57... Ra5+ $2 (57... g5 $19 {and Black stays clearly on top.} 58. Bd1 Rf4) 58. Ke4 $17 f6 59. exf6 gxf6 {aiming for ...Re5+.} 60. Bg4 Kf7 {White must now prevent ...Re5+.} 61. Bf5 Re5+ 62. Kf4 Rd5 63. d7 Ke7 64. Ke4 Ra5 65. Kf4 Ra4+ 66. Kf3 Rd4 67. Ke3 Rd6 68. Kf4 Kf7 69. Kg4 Kg7 70. Be6 Kg6 (70... Kf8 $17 {Strongly threatening ...Ke7.} 71. Bf5 Rd1) 71. Kf4 $11 Kg7 {And now ...Kf8 would win.} (71... Kh6 {keeps more tension.} 72. Kf5 Kg7 73. Kg4) 72. Kf5 $2 {[%mdl 8192]} (72. Kg4 $11 Kf8 73. Kf4) 72... Rd4 {Black mates.} 73. Bc4 Rxd7 74. Bb3 Rb7 75. Ba4 Ra7 76. Bc2 Ra5+ 77. Kf4 Kf7 78. Bd3 Rc5 79. Bb1 Ke6 80. Ba2+ Kd6 81. Bb1 Re5 82. Bd3 Kc5 83. Bh7 Kd4 84. Bg6 Kd5 85. Bf7+ Kd6 86. Bg8 Re2 87. Bh7 Rf2+ 88. Ke4 Ke6 89. Bg8+ Ke7 90. Bh7 Kf7 91. Ke3 Rh2 92. Bf5 Rh4 93. Kf3 Kg7 94. Kg3 Rb4 95. Bd7 Kg6 96. Kf3 Kg5 97. Be6 f5 98. Bd7 Rb3+ 99. Kf2 Kf4 100. Be6 Rb2+ 101. Kf1 Ke4 {Accuracy: White = 53%, Black = 71%.} 0-1

[Event "XXVIII Magistral Elgoibar 2018"]
[Site "Elgoibar"]
[Date "2018.12.13"]
[Round "1"]
[White "Napoli, Nicolo"]
[Black "Huerga Leache, Mikel"]
[Result "1/2-1/2"]
[WhiteElo "2289"]
[BlackElo "2448"]
[Annotator "TA"]
[PlyCount "115"]
[EventDate "2018.12.12"]
[EventType "tourn"]
[EventCountry "ESP"]
[SourceTitle "playchess.com"]
[Source "ChessBase"]
[SourceQuality "1"]

{[%evp 15,115,2,14,-6,4,-8,-9,-10,-10,-35,-25,-14,24,0,0,0,-6,14,11,1,32,29,27,0,29,0,0,0,-5,-20,-15,-25,-22,-22,-20,-19,-14,-22,-17,-49,-46,-44,-28,-140,-131,-159,-150,-156,-156,-263,-256,-260,-264,-304,-294,-253,-214,-511,-511,-479,-367,-353,-342,-427,-187,-395,-360,-341,-44,-43,-35,-35,-35,-35,-35,-31,-31,-39,-39,-34,-34,-354,-6,-8,0,0,0,0,0,0,0,-39,-36,-64,0,0,0,0,0,0,0,0]} 1. d4 Nf6 2. c4 b6 3. Nc3 Bb7 4. f3 d5 5. cxd5 Nxd5 6. e4 Nxc3 7. bxc3 e6 8. Be3 {A50: Queen's Fianchetto Defence (1 d4 Nf6 2 c4 b6)} Be7 {LiveBook: 11 Games} 9. Nh3 (9. Bb5+ c6 10. Ba4 O-O 11. Ne2 b5 12. Bb3 Nd7 13. O-O a5 14. Nf4 c5 15. a4 bxa4 16. Bxa4 cxd4 17. cxd4 {1-0 (47) Granda Zuniga,J (2675)-Anton Guijarro,D (2609) Linares 2014}) 9... O-O 10. Be2 $146 ({Predecessor:} 10. Bd3 Nd7 11. O-O c5 12. Bc2 cxd4 13. cxd4 Rc8 14. Qd2 Ne5 15. Qe2 Nc4 {0-1 (52) Blees,E-Broekmeulen,J Hengelo 2001}) 10... c5 11. O-O Qc7 12. Qe1 Rd8 13. Qf2 Nd7 14. Rad1 a6 15. Bf4 Bd6 16. e5 Be7 17. Ng5 Nf8 18. Ne4 Bd5 19. Bd3 b5 20. Kh1 ({Don't play} 20. dxc5 Ng6 $17) 20... Qa5 21. Bb1 Rac8 22. Nxc5 Bxc5 23. dxc5 Qxc3 24. Rc1 $1 {[%cal Rc1c3]} Qa3 25. Rfd1 Ng6 26. Bg5 (26. Rd3 {with more complications.} Qa5 27. Bg3 b4 28. Rd2 Rd7 29. Qe3) 26... Re8 {[%cal Bd8e8,Be8f8,Bf8f3,Bf3e3][%mdl 32]} 27. Bxg6 fxg6 28. Rc2 Rf8 {[%cal Rf8f3]} 29. Be7 {[#]} (29. Kg1 $11 {remains equal.}) 29... Rxf3 $1 $17 {[%mdl 512]} 30. Qe2 (30. gxf3 Bxf3+) 30... Re3 $36 {[%mdl 2048] Black is really pushing.} 31. Qd2 Rxe5 32. Rc3 (32. Bd6 $17 {was worth a try.} Rf5 33. Kg1) 32... Qxa2 $19 33. Qxa2 Bxa2 34. Ra3 Bd5 35. Rxa6 Re2 36. Rg1 $2 (36. Rb6) 36... b4 37. Rb6 Ra8 38. h4 b3 39. Bd6 {If only White now had time for c6....} Rc8 (39... b2 $142 40. Kh2 h5) 40. Kh2 $2 (40. c6 Bxc6 41. Rxb3) 40... h6 41. Kh3 Be4 $2 (41... Kh7 $19 {Strongly threatening ...g5.} 42. Rb1 Bxg2+ 43. Kg3 Bd5 44. R6xb3 Bxb3 45. Rxb3 Re4) 42. Rxb3 $15 Ra8 43. Rb8+ $1 Rxb8 44. Bxb8 {[%mdl 4096] Endgame KRB-KRB} Kf7 45. g4 h5 46. Kg3 hxg4 47. Kxg4 {[#]} e5 $1 {[%mdl 512]} 48. Ra1 $2 {[%mdl 8192] [#]} ({Better is} 48. Kh3 $15) (48. Bxe5 Bf5+) 48... Rg2+ $2 (48... Re3 $1 $19 {( -> ...Bf5+)} 49. Ra7+ Kg8 50. Bxe5 Bf5+ {[%mdl 64] Discovered Attack} 51. Kf4 Re4+ 52. Kf3 Rxe5) 49. Kh3 $11 g5 (49... Ke6 {seems wilder.} 50. Re1 Rb2 51. Rxe4 Rxb8 52. Rg4 Rc8) 50. hxg5 $1 Rxg5 51. Re1 Bf5+ 52. Kh2 e4 53. Rg1 Rh5+ 54. Kg2 e3 (54... Bd7 $15 55. Rc1 Rg5+ 56. Kf2 Bc6) 55. Kf3 {The position is equal.} Bd7 56. Bd6 Rh3+ 57. Rg3 {[#]} e2 $1 {[%mdl 512]} 58. Kxe2 {Accuracy: White = 37%, Black = 62%.} 1/2-1/2

[Event "XXVIII Magistral Elgoibar 2018"]
[Site "Elgoibar"]
[Date "2018.12.13"]
[Round "2"]
[White "Velten, Paul"]
[Black "Strikovic, Aleksa"]
[Result "1/2-1/2"]
[WhiteElo "2485"]
[BlackElo "2488"]
[Annotator "TA"]
[PlyCount "131"]
[EventDate "2018.12.12"]
[EventType "tourn"]
[EventCountry "ESP"]
[SourceTitle "playchess.com"]
[Source "ChessBase"]
[SourceQuality "1"]

{[%evp 26,131,10,0,58,0,0,0,0,-29,-31,-36,-26,-33,-32,-35,-31,-45,18,0,0,-19,43,-21,-19,-27,-33,-93,-108,-116,-108,-108,-110,-109,-130,-412,-395,-850,-783,-771,-713,-1902,-1918,-4841,-4837,-1853,-1188,-1118,0,-829,-779,-779,-682,-675,-631,-579,-118,-118,-118,-115,-100,-108,-103,-118,-100,-133,-133,-133,-133,-133,-133,-207,-8,-207,-65,-97,0,-215,0,-56,-8,-29,-8,-130,-130,-122,-8,-8,-8,-8,-8,-8,-8,-4141,-8,-4141,-4141,-4137,-4137,-4137,-130,-130,-8,-8,-8,-8,-8,-8]} 1. d4 d6 2. Nf3 g6 3. c4 Bg7 4. Nc3 Nf6 5. e4 O-O 6. Be2 e5 7. d5 a5 8. Bg5 h6 9. Bh4 Na6 10. Nd2 Qe8 11. O-O Nh7 12. a3 Bd7 13. b4 {E92: King's Indian: Classical: 6 Be2 e5: 7 dxe5, 7 Be3 and Petrosian System without 7...Nbd7} (13. Kh1 f5 14. exf5 gxf5 15. Bh5 Qc8 16. Be7 Re8 17. Bxe8 Qxe8 18. Bh4 Nc5 19. Qe2 e4 20. f4 Nd3 21. Rab1 {0-1 (56) Gelfand,B (2743)-Bacrot,E (2718) Beijing 2014}) 13... axb4 14. axb4 {LiveBook: 3 Games} h5 (14... g5 $11 15. Bg3 Nxb4) 15. h3 (15. c5 $1 $14) 15... Nxb4 $11 16. Qb3 Bh6 17. Nf3 Na6 $1 18. Qxb7 Qb8 19. Rfb1 {Hoping for Qxb8.} Nc5 20. Rxa8 $146 ({Predecessor:} 20. Qxb8 Rfxb8 21. Rxb8+ Rxb8 {0-1 (59) Uwira,O (2282)-Heck,N (2252) Kaufungen 2003}) 20... Qxb7 21. Rxb7 Nxb7 ({Better is} 21... Rxa8 $15 22. Rxc7 Ra1+ 23. Bf1 f6) 22. Ra7 Rb8 23. Bd1 Bc1 (23... f6 $11) 24. Ba4 (24. Be7 $14) 24... Bxa4 25. Nxa4 g5 26. Bg3 (26. c5 $1 $15) 26... h4 $17 27. Nxe5 dxe5 28. Bxe5 Nd6 $1 29. Rxc7 Nxe4 30. Kf1 $2 {[%mdl 8192]} (30. Nc5 $17 Rb1 31. Kh2 (31. Rc8+ Nf8 $17) 31... Nxc5 32. Rxc5 Bf4+ 33. Bxf4 gxf4 34. d6) 30... Re8 $19 31. f4 $2 (31. f3 Nd2+ 32. Ke2 Nxc4 33. Rxc4 Rxe5+ 34. Kd1) 31... gxf4 32. d6 Rxe5 33. d7 Ng3+ 34. Kf2 Re2+ 35. Kf3 Re3+ 36. Kf2 Re2+ 37. Kf3 Ng5+ 38. Kg4 Ne6 39. Rc8+ Kg7 {aiming for ...f3.} 40. Nc5 Rd2 $2 (40... f3 $19 {has better winning chances.} 41. gxf3 f5+ 42. Kxh4 Bg5+ 43. Kxg3 Nf4 44. Rg8+ {[%mdl 64] Decoy} Kxg8 45. d8=Q+ Bxd8 46. Kxf4 Bc7+ 47. Kg5 Kf7) 41. Nxe6+ $17 fxe6 42. d8=Q Rxd8 43. Rxd8 {Threatens to win with c5.} Be3 44. Kxh4 Ne4 $1 45. Kg4 Nf6+ $1 46. Kf3 e5 47. Ke2 e4 $1 48. Ke1 (48. Kd1 $17 {was the only chance.}) 48... Kg6 $2 (48... Nh5 $1 $19 {And now ...Ng3 would win.} 49. Rd7+ Kf6 50. Rd6+ Kf7 51. Rd7+ Ke6) 49. Rb8 $2 (49. Rc8 $1 $11 {and White has nothing to worry.}) 49... Nd7 (49... Nh5 $1 $19 50. Rg8+ Kf6) 50. Re8 $15 {[#]} Nf6 (50... Nc5 $1 $17) 51. Rb8 $19 {[#]} Nd7 $2 (51... Nh5 $1 $19 52. Rg8+ Kf6) 52. Re8 $1 $15 Kf5 53. Ke2 Bc5 54. Rd8 (54. h4 $1 $11) 54... Ne5 $17 55. Rc8 f3+ (55... Nd3 $17 56. h4 Nc1+ 57. Kd1 Nd3) 56. gxf3 $11 exf3+ 57. Kf1 $132 {[%mdl 2048] White is fighting back} Nd3 58. h4 Kg4 59. Rh8 $2 {[%mdl 8192]} (59. Rg8+ $11 Kf5 60. h5) 59... Nf4 $2 ({Black should play} 59... Nf2 $19 60. Rh7 Ne4) 60. Rh7 $2 {[%mdl 8192]} (60. Rc8 $11 Be3 61. c5) 60... Ne2 {( -> ...Ng3+)} 61. Rf7 Ng3+ 62. Ke1 Nf5 $2 (62... Bd4 $19 {and Black stays clearly on top.} 63. Rf8 Be3) 63. h5 $17 f2+ ({Black should try} 63... Be3 $17 64. Rf6 Ng3) 64. Kf1 $11 {The position is equal.} Ng3+ 65. Kg2 Nxh5 66. Rxf2 {Accuracy: White = 36%, Black = 46%.} 1/2-1/2

[Event "XXVIII Magistral Elgoibar 2018"]
[Site "Elgoibar"]
[Date "2018.12.13"]
[Round "2"]
[White "Moreno Ruiz, Javier"]
[Black "Oratovsky, Michael"]
[Result "1/2-1/2"]
[WhiteElo "2450"]
[BlackElo "2464"]
[Annotator "TA"]
[PlyCount "26"]
[EventDate "2018.12.12"]
[EventType "tourn"]
[EventCountry "ESP"]
[SourceTitle "playchess.com"]
[Source "ChessBase"]
[SourceQuality "1"]

{[%evp 18,26,9,10,6,16,18,-11,3,0,19]} 1. d4 {[%cal Bd2d4,Bd4d5][%mdl 32]} d6 2. Nf3 Nf6 3. c4 g6 4. Nc3 Bf5 5. d5 Bg7 6. Nd4 {E61: King's Indian: Early deviations for White, including Smyslov System} Bd7 7. e4 O-O 8. Be2 e6 9. dxe6 fxe6 10. O-O {LiveBook: 5 Games. The position is equal.} e5 11. Nf3 $146 ({Predecessor:} 11. Nc2 Be6 12. Bg5 Nbd7 13. Qd2 {½-½ (41) Gelfand,B (2723)-Morozevich,A (2721) Monte Carlo 2006}) 11... b6 12. Bg5 {[#] Strongly threatening Bxf6.} Nc6 13. Nd5 a5 1/2-1/2

[Event "XXVIII Magistral Elgoibar 2018"]
[Site "Elgoibar"]
[Date "2018.12.13"]
[Round "2"]
[White "Huerga Leache, Mikel"]
[Black "Ambartsumova, Karina"]
[Result "1-0"]
[WhiteElo "2448"]
[BlackElo "2383"]
[Annotator "TA"]
[PlyCount "119"]
[EventDate "2018.12.12"]
[EventType "tourn"]
[EventCountry "ESP"]
[SourceTitle "playchess.com"]
[Source "ChessBase"]
[SourceQuality "1"]

{[%evp 15,119,21,23,23,27,0,6,6,20,0,37,39,32,30,33,0,81,31,86,33,39,36,97,91,87,40,45,56,54,55,54,55,60,55,60,68,70,38,73,62,57,31,300,279,305,293,712,706,698,686,666,617,804,771,716,697,633,471,886,549,543,536,510,519,520,504,423,437,812,734,756,766,724,658,529,466,458,453,435,437,716,714,588,602,1839,1633,2209,1775,4628,2965,2423,1312,4725,4735,4594,4614,4336,4336,2258,1332,3608,2965,4134,1412,29983,29984]} 1. Nf3 Nf6 2. g3 g6 3. b3 Bg7 4. Bb2 O-O 5. Bg2 d6 6. d4 a5 7. a4 c6 8. O-O Na6 {LiveBook: 22 Games} 9. Re1 {A49: 1 d4 Nf6 2 Nf3 g6 3 g3: Anti-King's Indian systems} (9. Nbd2 d5 10. Re1 Bf5 11. Nh4 {½-½ (11) Pavlov,S (2502)-Manolache,M (2505) Corund 2017}) 9... d5 10. Ne5 $146 ({Predecessor:} 10. Nbd2 Bf5 11. Nh4 Be6 12. f4 Rc8 13. Nhf3 Bf5 14. Ne5 c5 15. c4 Nb4 16. Rc1 cxd4 17. Bxd4 {0-1 (34) Stanojevic,B (2360)-Brankovic,D (2345) Niska Banja 1996}) 10... Bf5 11. Na3 {The position is equal.} Re8 12. Qd2 Nd7 13. Nxd7 Bxd7 14. c4 Be6 15. e4 Nc7 (15... dxe4 $11 {keeps the balance.} 16. Bxe4 Nc5) 16. Rac1 Qd7 (16... dxe4 $14 17. Bxe4 Na6) 17. e5 (17. exd5 $16 cxd5 18. Bc3) 17... Bh3 18. Bh1 Ne6 (18... Red8 $14) 19. cxd5 $16 cxd5 20. Nb5 b6 21. Rc3 Rac8 22. Rec1 Rxc3 23. Nxc3 Nc7 24. Nd1 Na6 25. Ba3 h5 26. Ne3 Bh6 27. f4 $36 {[%mdl 2048] Black is under pressure.} e6 28. Qc2 g5 $2 {[%mdl 8192]} (28... b5 $14) 29. Qe2 $18 {[%mdl 64] Double Attack} gxf4 30. Qxh5 {[%mdl 64] Double Attack} Kh7 $2 (30... fxe3 31. Qxh6 Bf5 32. Qxe3 Nb4 33. Qg5+ Bg6) 31. gxf4 Bf5 32. Nxf5 exf5 33. Bf3 Qe6 34. Kf2 Nb4 35. Bxb4 axb4 36. Bg2 {And now Bh3 would win.} Kg7 (36... Kg8 $142 37. Bh3 Bg7 38. Bxf5 Qh6 39. Qxh6 Bxh6) 37. Rg1 {Black must now prevent Bxd5+.} Kf8 {[#]} 38. Bxd5 $1 {[%mdl 576] Deflection} Qxd5 39. Qxh6+ {[%mdl 4160] Endgame Double Attack. KQR-KQR} Ke7 40. Qxb6 Rc8 {intending ...Rc2+.} 41. Qf6+ Kf8 (41... Kd7 $142 42. Qxf5+ Ke7 43. Qf6+ Kd7) 42. Qd6+ Qxd6 43. exd6 {KR-KR} Rc2+ 44. Kg3 {aiming for Re1.} Ke8 45. Re1+ Kd7 46. Re7+ Kxd6 47. Rxf7 Kd5 (47... Rc3+ $142 48. Kh4 Kd5) 48. Rxf5+ Kxd4 49. Rb5 Rc3+ 50. Kg4 Rxb3 51. f5 {[%cal Bf4f5,Bf5f6][%mdl 32]} Rb1 52. f6 b3 53. f7 Rg1+ 54. Kh3 Rf1 55. Rxb3 Rxf7 56. a5 {[%cal Ba4a5,Ba5a6,Ba6a7][%mdl 32]} Rh7+ 57. Kg2 Kc4 58. Ra3 Kb5 59. a6 Kb6 {[#]} 60. a7 $1 {Accuracy: White = 63%, Black = 27%.} 1-0

[Event "XXVIII Magistral Elgoibar 2018"]
[Site "Elgoibar"]
[Date "2018.12.13"]
[Round "2"]
[White "Napoli, Nicolo"]
[Black "Suarez Garcia, Carlos"]
[Result "1-0"]
[WhiteElo "2289"]
[BlackElo "2449"]
[Annotator "TA"]
[PlyCount "31"]
[EventDate "2018.12.12"]
[EventType "tourn"]
[EventCountry "ESP"]
[SourceTitle "playchess.com"]
[Source "ChessBase"]
[SourceQuality "1"]

{[%evp 16,31,41,22,45,45,50,62,83,77,99,100,425,418,1510,1436,1481,1445]} 1. d4 d5 2. c4 e6 3. Nc3 c6 4. e3 Nd7 5. Qc2 Bd6 6. e4 {D31: Queen's Gambit Declined: Semi-Slav without ...Nf6 (+ Marshall Gambit and Noteboom) and Exchange Variation lines without ...Nf6} dxc4 7. Bxc4 e5 8. Nf3 Ngf6 9. Bg5 {LiveBook: 3 Games} h6 $146 ({Predecessor:} 9... O-O 10. Rd1 Qa5 11. Bh4 exd4 12. Nxd4 Re8 {1-0 (55) Wojtaszek,R (2711)-Drozdowski,K (2463) Warsaw 2013}) 10. O-O-O $1 {[%cal Ba1d1,Bd1d4,Bd4f4][%mdl 32] Black must now prevent dxe5.} exd4 11. Rxd4 Bc5 12. Bxf6 $1 Qxf6 {[#]} 13. e5 $1 {[%cal Re5f6,Be4e5,Be5e6][%mdl 32]} Qg6 $2 {[%mdl 8192] [#]} (13... Nxe5 $16 14. Re4 O-O 15. Nxe5 Bf5) 14. Bxf7+ $1 $18 {[%mdl 512]} Kxf7 (14... Qxf7 $142 15. e6 Qf8) 15. Rf4+ Nf6 {[#]} 16. e6+ $1 {[%mdl 512]} 1-0